| 000 | 00470nam a2200181Ia 4500 | ||
|---|---|---|---|
| 008 | 240925s9999 xx 000 0 und d | ||
| 020 | _a9788176496308 | ||
| 082 | _a621.3678 PAN | ||
| 100 | _aPanda ,B. C. | ||
| 245 | 0 | _aRemote Sensing: principles and applications | |
| 250 | _a1st | ||
| 260 |
_aNew Delhi: _bViva Books _c,2005. |
||
| 300 |
_a754p. _bN.A _fNA |
||
| 500 | _aIncludes Index | ||
| 600 | _aElectronic Engineering | ||
| 650 | _aTechnology | ||
| 942 | _cBK | ||
| 999 |
_c13309 _d13309 |
||